| 000 | 00758pam a2200241 a 4500 | ||
|---|---|---|---|
| 001 | 2453929 | ||
| 005 | 20231126224810.0 | ||
| 008 | 890124s1989 ii b 000 0 eng | ||
| 020 | _a0803995970 | ||
| 020 | _a0803995989 (pbk.) | ||
| 040 |
_aDLC _cDLC _dDLC |
||
| 082 | 0 | 0 |
_a305.4/0954 _219 _bIND. |
| 100 | 1 | _aParikh, Indira J. | |
| 245 | 1 | 0 |
_aIndian women : _ban inner dialogue / _cIndira J. Parikh, Pulin K. Garg. |
| 260 |
_aNew Delhi ; _aNewbury Park, Calif. : _bSage Publications, _c1989. |
||
| 300 | _a224 p. ; | ||
| 650 | 0 | _aWomen | |
| 650 | 0 | _aWomen | |
| 700 | 1 |
_aGarg, Pulin K., _eedt |
|
| 856 | 4 | 2 | _uhttp://www.loc.gov/catdir/enhancements/fy0657/89030581-d.html |
| 856 | 4 | 1 | _uhttp://www.loc.gov/catdir/enhancements/fy0657/89030581-t.html |
| 942 | _cL | ||
| 999 |
_c80 _d80 |
||